| 000 | 00467nam a2200157 a 4500 | ||
|---|---|---|---|
| 001 | 3039 | ||
| 003 | CDMR | ||
| 005 | 20130502195657.0 | ||
| 008 | 130130s2005||||||||||||||||||||||||||||d | ||
| 040 |
_aCDMR _bcat _cCDMR |
||
| 100 | 1 |
_aAznar, Hugo _9383 |
|
| 245 | 1 | 0 | _aPautas éticas para la comunicación social |
| 260 |
_aMoncada (Valencia) _c2005 _bUniversidad Cardenal Herrera-CEU |
||
| 650 | 0 | 4 |
_92757 _aMitjans de comunicació de massa _xAspectes socials |
| 942 |
_cMON _2udc |
||
| 999 |
_c3039 _d3039 |
||